"M" Cities by Pictures - Statistics

General Stats
  • This quiz has been taken 455 times
  • The average score is 9 of 15
Answer Stats
Picture Answer % Correct
Moscow
99%
Madrid
86%
Milan
79%
Mecca
77%
Manchester
68%
Mumbai
68%
Munich
66%
Melbourne
55%
Miami
52%
Mexico City
50%
Medina
48%
Montreal
48%
Muscat
30%
Macau
28%
Manaus
15%
No matching quizzes found
Score Distribution
Percent of People with Each Score
Percentile by Number Answered
Your Score History
You have not taken this quiz